000 00817nam a2200253 i 4500
001 bg
100 1 _aMICHTA-STAWIARSKA, Teresa
245 1 0 _aPodstawy kompleksowej oceny klasycznych mas formierskich z bentonitem /
_cTeresa Michta-Stawiarska ; Uniwersytet Zielonogórski.
260 _aZielona Góra :
_bOficyna Wydawnicza UZ,
_c2003.
300 _a85 s. :
_bil. ;
_c24 cm.
500 _aStreszcz. pol. i ang.
504 _aBibliogr.
650 9 _aFormierstwo
_xmateriały
_xbadanie
_xmetody
650 9 _aBentonit
_xstosowanie
_xmetalurgia
650 9 _aOdlewnictwo
_xmateriały
_xbadanie
710 0 _aUniwersytet Zielonogórski
020 _a8389321521
040 _cBPK
041 0 _apol
_heng
080 _a621.74
920 _a83-89321-52-1
942 _cKS
008 s pl f |000 0 pol
999 _c43940
_d43940
856 _uhttp://koha.tu.koszalin.pl/cgi-bin/koha/opac-detail.pl?biblionumber=43940
_yKatalog online BPK